000 00435nam a2200169Ia 4500
003 GCL
008 140319s9999 xx 000 0 eng d
040 _aGCL /
_cGCL
082 0 4 _a932
_bB C
100 1 _aBOULAT, PIERRE
245 1 0 _aA CLOSE UP OF EGYPT /
_cBOULAT, PIERRE
260 _a[S.N] :
_bALADIN PUBLICATION ،
_c1949
300 _a135
650 0 4 _aEGYPT - CIVILIZATION
650 0 4 _aEGYPT - ANTIQUITIES
942 _2ddc
_cBK
999 _c20718
_d20718